000 01628cas a2200433 a 4500
001 3824
003 FISKH
005 20240515135727.0
008 110722d20102011nyumr p 6 0 a0eng
010 _a 2011207016
020 _a9781848102637
022 0 _a2162-5018
_21
035 _a(OCoLC)ocn742052952
040 _aDLC
_beng
_cDLC
_dDLC
_dOCLCF
_dOCLCO
_dOCL
042 _apcc
_ansdp
050 1 0 _aPN6728.B497
082 1 0 _a741.5
_214
100 _aBédoyère, Camilla De la
130 0 _aBirds of prey (New York, N.Y. : 2010)
245 1 0 _aBirds of prey :
_bProjects. Quizzes. Fun Facts. Cartoon /
_c Camilla De la Bédoyère ; Consultant : Steve Parker
260 _aSan Diego :
_bSilver Dolphin Books,
_c2010.
300 _a48 pages :
_bcolor illustrations ;
_c30 cm
310 _aMonthly
362 0 _aNo. 1 (July 2010)-no. 15 (Oct. 2011).
490 _a100 facts
500 _aTitle from indicia.
520 _aCollects one hundred facts about birds of prey, covering nests, eggs, diet, tracking, and more; and includes illustrations, cartoons, quizzes, and activities.
653 2 _aOracle (Fictitious character)
653 2 _aBlack Canary (Fictitious character)
653 2 _aLady Blackhawk (Fictitious character)
653 2 _aHuntress (Fictitious character)
653 2 _aDove (Fictitious character : DC Comics, Inc.)
655 7 _aComics (Graphic works)
_2lcgft
655 7 _aSuperhero comic books, strips, etc.
_2gsafd
655 7 _aComics (Graphic works)
_2fast
_0(OCoLC)fst01921613
906 _a7
_bcbc
_cserorig
_d2
_encip
_f20
_gn-oclcserc
942 _2ddc
_cBK
_n0
999 _c3824
_d3824